Majlis pelancaran setem kenang-kenagan sempenajubli emas pemerintahan Kebawah Duli Maha Mulia Tuanku Mu'adzam Shah Sultan Kedah. (Record no. 101439)

MARC details
000 -LEADER
fixed length control field 00743nam a2200217 i 4500
001 - CONTROL NUMBER
control field C2-0297038
003 - CONTROL NUMBER IDENTIFIER
control field PPAK
005 - DATE AND TIME OF LATEST TRANSACTION
control field 20190625155839.0
008 - FIXED-LENGTH DATA ELEMENTS--GENERAL INFORMATION
fixed length control field 090506s2008 xx a|||| ||||| | may d
040 ## - CATALOGING SOURCE
Original cataloging agency PPAK
Language of cataloging eng
Transcribing agency PPAK
Description conventions rda
082 04 - DEWEY DECIMAL CLASSIFICATION NUMBER
Classification number 769.59
Edition number 23
090 00 - LOCALLY ASSIGNED LC-TYPE CALL NUMBER (OCLC); LOCAL CALL NUMBER (RLIN)
Classification number (OCLC) (R) ; Classification number, CALL (RLIN) (NR) 769.59
Feature heading MAJ
Feature heading KK
245 00 - TITLE STATEMENT
Title Majlis pelancaran setem kenang-kenagan sempenajubli emas pemerintahan Kebawah Duli Maha Mulia Tuanku Mu'adzam Shah Sultan Kedah.
264 #1 - PRODUCTION, PUBLICATION, DISTRIBUTION, MANUFACTURE, AND COPYRIGHT NOTICE
Place of production, publication, distribution, manufacture [place of publication not identified] :
Name of producer, publisher, distributor, manufacturer [publisher not identified] ,
Date of production, publication, distribution, manufacture, or copyright notice 2008
300 ## - PHYSICAL DESCRIPTION
Extent 20 pages :
Other physical details colour illustrations ;
Dimensions 18 cm
336 ## - CONTENT TYPE
Source rdacontent
Content type term text
337 ## - MEDIA TYPE
Source rdamedia
Media type term unmediated
338 ## - CARRIER TYPE
Source rdacarrier
Carrier type term volume
650 10 - SUBJECT ADDED ENTRY--TOPICAL TERM
Topical term or geographic name entry element Postage - Stamps - Kedah
942 ## - ADDED ENTRY ELEMENTS (KOHA)
Koha item type Book
Source of classification or shelving scheme Dewey Decimal Classification
Holdings
Withdrawn Not for loan Current library Shelving location Date acquired Full call number Barcode Date last seen Koha item type
  Not For Loan Perpustakaan Alor Setar Koleksi Kedah 06/05/2009 KK 769.59 MAJ A00362737 09/05/2018 Book
  Not For Loan Perpustakaan Alor Setar Koleksi Kedah 06/05/2009 KK 769.59 MAJ A00362738 09/05/2018 Book